000
00192nam a2200085Ia 4500
008
170617s9999 xx 000 0 und d
100
_a
Talley
245
0
_a
Irritable Bowel syndrome
260
_b
Elesvir Pub
260
_c
2005
999
_c
15161
_d
15161